| 000 | 01746cam a2200337 a 4500 | ||
|---|---|---|---|
| 999 |
_c3823 _d3823 |
||
| 001 | 16538907 | ||
| 003 | GZ U | ||
| 005 | 20210310090014.0 | ||
| 008 | 101116s2010 enka b 001 0 eng | ||
| 010 | _a 2010485786 | ||
| 020 | _a9780199208012 (pbk. : alk. paper) | ||
| 040 |
_aDLC _cDLC _dDLC |
||
| 042 | _apcc | ||
| 043 | _ae-uk--- | ||
| 050 | 0 | 0 |
_aKD1554 _b.M39 2010 |
| 082 | 0 | 0 |
_a346.4202 _222 |
| 100 | 1 | _aMcKendrick, Ewan. | |
| 245 | 1 | 0 |
_aContract law : _btext, cases, and materials / _cEwan McKendrick. |
| 250 | _a4th ed. | ||
| 260 |
_aOxford ; _aNew York : _bOxford University Press, _c2010. |
||
| 300 |
_axxxiv, 1052 p. : _bill. ; _c25 cm. |
||
| 504 | _aIncludes bibliographical references and index. | ||
| 505 | 0 | _aIntroduction -- Agreement : objective or subjective? -- Offer and acceptance -- Uncertain and incomplete agreements -- Consideration and promissory estoppel -- Formalities -- Intention to create legal relations -- The terms of the contract -- Incorporation of terms -- Implied terms -- The interpretation of contracts -- Boilerplate clauses -- Exclusion clauses -- Unfair terms in consumer contracts regulations 1999 -- Good faith -- Mistake -- Misrepresentation -- Duress -- Undue influence -- Unconscionability and inequality of bargaining power -- Frustration and force majeure -- Breach of contract and termination -- Damages -- Specific performance -- Third parties. | |
| 650 | 0 |
_aContracts _zEngland. |
|
| 650 | 0 |
_aContracts _zEngland _vCases. |
|
| 650 | 0 |
_aContracts _zWales. |
|
| 650 | 0 |
_aContracts _zWales _vCases. |
|
| 906 |
_a7 _bcbc _corignew _d1 _eecip _f20 _gy-gencatlg |
||
| 942 |
_2lcc _cBK _e4th _h1554 _iMCK _kKD _m2010 |
||